| 000 | 00532nam a2200181 a 4500 | ||
|---|---|---|---|
| 005 | 20240111063549.0 | ||
| 008 | 991125s1987 mx 000 0 spa u | ||
| 020 | _a9688600628 | ||
| 035 | _aUPN01000003932 | ||
| 049 | _aCG | ||
| 050 | 4 |
_aPN3175 _bF8.38 |
|
| 100 | 1 | _aFurness, Pauline | |
| 245 | 1 | 0 |
_aAprender actuando : _buna guía para maestros / _cPaulina Furness, tr. Humberto Sotomayor Terán. |
| 260 |
_aMéxico : _bPax-México, _c1987. |
||
| 300 | _a191 p. | ||
| 650 | 4 |
_aTeatro _xEstudio y enseñanza _917549 |
|
| 905 | _aLibro | ||
| 999 |
_c3932 _d3932 |
||